Biblioteca

The pastor and his humanity (Registro nro. 69368)

Detalles MARC
000 -LÍDER
Campo fijo de descripción fija 00927nab a2200205 i 4500
001 - NÚMERO DE CONTROL
Campo de control 768714001
003 - IDENTIFICADOR DEL NÚMERO DE CONTROL
Campo de control CO-MdFUSB
005 - FECHA Y HORA DE LA ULTIMA TRANSACCIÓN
control field 20240426092714.0
008 - ELEMENTOS DE LONGITUD FIJA -- INFORMACIÓN GENERAL
Campo fijo de descripción fija -- Información general 240425t1980 us ||||| |||| 00| 0 eng d
040 ## - FUENTE DE CATALOGACIÓN
Idioma de catalogación spa
Agencia que realiza la transcripción CO-MdFUSB
Agencia que realiza la modificación CO-MdFUSB
041 ## - CÓDIGO DE IDIOMA
Código de idioma para texto/pista de sonido o título separado spa
100 ## - ASIENTO PRINCIPAL--NOMBRE PERSONAL
Nombre personal Griffin, Daniel
Término relacionador autor
245 #4 - TÍTULO
Título The pastor and his humanity
Mención de responsabilidad / Daniel Griffin
300 ## - DESCRIPCIÓN FÍSICA
Extensión Volumen 1, número 3 (summer, 1980), páginas: 28 - 32
Dimensiones ; 27 cm
520 ## - NOTA DE RESUMEN, ETC.
Nota de sumario, etc. El pastor y su humanidad, trata sobre el trabajo del pastor que ya es bastante difícil sin el peso de mantener una imagen espiritual increíblemente alta. Los pastores no pierden el respeto al admitir su humanidad: se vuelven más eficaces. <br/>
650 #7 - ASIENTO SECUNDARIO DE MATERIA - TERMINO TEMÁTICO
Término temático o nombre geográfico como elemento de entrada Teología pastoral
9 (RLIN) 227
650 #7 - ASIENTO SECUNDARIO DE MATERIA - TERMINO TEMÁTICO
Término temático o nombre geográfico como elemento de entrada Ética cristiana
9 (RLIN) 185
773 0# - ASIENTO DE ITEM FUENTE
Biblionumber 68780
Itemnumber 82545
Otro identificador del ítem R2479
Título Leadership :
Número de control del registro (CO-MdFUSB)768714001
Parte(s) relacionada(s) / Volumen., número. (mes año), páginas Volumen 1, número 3 (summer, 1980), páginas: 28 - 32
Enumeración y primera página página: 28
942 ## - TIPO DE MATERIAL (KOHA)
Tipo de Item KOHA Artículos de Revista

No hay ítems disponibles.

Biblioteca FUSBC | Teléfono: (57+4) 349 88 10 Ext. 141| WhatsApp (+57) 3005338115 
E-mail: biblioteca@unisbc.edu.co | Calle 76 87-14 Robledo Palenque, Medellín, Colombia

Con tecnología Koha